Mỡi Mường
Sách là một bộ sưu tập về mỡi, một hiện tượng tâm linh khá đặc sắc và kì bí, gần giống với mo của dân tộc Mường. Sách gồm phần tiếng Mường và phần dịch ra tiếng Việt.
Đã lưu trong:
| 主要作者: | |
|---|---|
| 格式: | 圖書 |
| 語言: | Undetermined |
| 出版: |
Hà Nội
Khoa học - Xã hội
2015
|
| 主題: | |
| 標簽: |
添加標簽
沒有標簽, 成為第一個標記此記錄!
|
| Thư viện lưu trữ: | Trung tâm Học liệu Trường Đại học Cần Thơ |
|---|
| LEADER | 00866nam a2200205Ia 4500 | ||
|---|---|---|---|
| 001 | CTU_209760 | ||
| 008 | 210402s9999 xx 000 0 und d | ||
| 082 | |a 398.09597 | ||
| 082 | |b N462 | ||
| 100 | |a Bùi, Văn Nợi | ||
| 245 | 0 | |a Mỡi Mường | |
| 245 | 0 | |c Bùi Văn Nợi | |
| 260 | |a Hà Nội | ||
| 260 | |b Khoa học - Xã hội | ||
| 260 | |c 2015 | ||
| 520 | |a Sách là một bộ sưu tập về mỡi, một hiện tượng tâm linh khá đặc sắc và kì bí, gần giống với mo của dân tộc Mường. Sách gồm phần tiếng Mường và phần dịch ra tiếng Việt. | ||
| 650 | |a Folklore,Văn hóa dân gian | ||
| 650 | |z Vietnam,Việt Nam | ||
| 904 | |i Châu Thiên Phúc,Hải | ||
| 980 | |a Trung tâm Học liệu Trường Đại học Cần Thơ | ||